Т. 1. Вып. 1; Проблемы физики элементарных частиц и атомного ядра (ЭЧАЯ)

Бібліографічні деталі
Parent link:Проблемы физики элементарных частиц и атомного ядра (ЭЧАЯ)=Problems of elementary particle and atomic nucleus physics ("Particles and nucleus"): [сборник]/ Объединенный институт ядерных исследований (ОИЯИ) ; гл. ред. Н. Н. Боголюбов. Т. 1. Вып. 1.— , 1970-1972
Мова:Російська
Опубліковано: 1970
Предмети:
Формат: Книга
KOHA link:https://koha.lib.tpu.ru/cgi-bin/koha/opac-detail.pl?biblionumber=255287

MARC

LEADER 00000nam2a2200000 4500
001 255287
005 20231101233019.0
035 |a (RuTPU)RU\TPU\book\277792 
035 |a RU\TPU\book\88532 
090 |a 255287 
100 |a 20051003d1970 k y0rusy50 ca 
101 0 |a rus 
102 |a RU 
105 |a a z 001zy 
200 0 |a Т. 1. Вып. 1 
210 |d 1970 
215 |a 295 с.  |c ил. 
320 |a Библиогр. в конце гл. 
461 1 |0 (RuTPU)RU\TPU\book\289446  |t Проблемы физики элементарных частиц и атомного ядра (ЭЧАЯ)  |l Problems of elementary particle and atomic nucleus physics ("Particles and nucleus")  |o [сборник]  |f Объединенный институт ядерных исследований (ОИЯИ) ; гл. ред. Н. Н. Боголюбов  |v Т. 1. Вып. 1  |d 1970-1972 
606 1 |a Элементарные частицы  |2 stltpush  |3 (RuTPU)RU\TPU\subj\21082  |9 46124 
606 1 |a Атомное ядро  |x Физика  |2 stltpush  |3 (RuTPU)RU\TPU\subj\29706  |9 52982 
610 1 |a ядерная физика 
610 1 |a нейтроны 
610 1 |a магнитные кристаллы 
610 1 |a нейтроны 
610 1 |a нуклоны 
610 1 |a адроны 
610 1 |a фотоны 
610 1 |a симметрия 
610 1 |a скалярное поле 
675 |a 539.12  |v 3 
675 |a 539.14  |v 3 
801 1 |a RU  |b 63413507  |c 20140327 
801 2 |a RU  |b 63413507  |c 20221019  |g RCR 
942 |c BK